Les Incas (Record no. 173628)

MARC details
000 -LEADER
campo de control de longitud fija 00873nam a2200241 4500
001 - NÚMERO DE CONTROL
campo de control 173628
003 - IDENTIFICADOR DE NÚMERO DE CONTROL
campo de control ES-MaACL
005 - FECHA Y HORA DE LA ÚLTIMA TRANSACCIÓN
campo de control 20231010135229.0
008 - DATOS DE LONGITUD FIJA--INFORMACIÓN GENERAL
campo de control de longitud fija 091216m188418 fr |||| | fre d
080 ## - NÚMERO DE LA CLASIFICACIÓN DECIMAL UNIVERSAL
Número de la Clasificación Decimal Universal 930.85(=982.1)
100 1# - ENTRADA PRINCIPAL--NOMBRE DE PERSONA
Nombre de persona Marmontel, Jean-François.
9 (RLIN) 129519
245 14 - MENCIÓN DEL TÍTULO
Título Les Incas
Resto del título ou La Destruction de l'empire du Pérou /
Mención de responsabilidad, etc. Marmontel.
246 10 - FORMA VARIANTE DEL TITULO
Título propio/Titulo breve Destruction de l'empire du Pérou
260 ## - PUBLICACIÓN, DISTRIBUCIÓN, ETC.
Lugar de publicación, distribución, etc. Paris :
Nombre del editor, distribuidor, etc. Librairie de la Bibliothèque Nationale,
Fecha de publicación, distribución, etc. 1884.
300 ## - DESCRIPCIÓN FÍSICA
Extensión 2 t. en 1 v.
-- (191, 192 p.) ;
Dimensiones 14 cm.
490 1# - MENCIÓN DE SERIE
Mención de serie Bibliothèque Nationale
650 04 - PUNTO DE ACCESO ADICIONAL DE MATERIA--TÉRMINO DE MATERIA
Término de materia o nombre geográfico como elemento de entrada Incas-
Subdivisión general Historia.
9 (RLIN) 13646
651 #4 - PUNTO DE ACCESO ADICIONAL DE MATERIA--NOMBRE GEOGRÁFICO
Nombre geográfico Perú-
Subdivisión general Historia-
Subdivisión cronológica Descubrimiento y conquista, 1522-1548.
9 (RLIN) 9226
830 0# - PUNTO DE ACCESO ADICIONAL DE SERIE-TÍTULO UNIFORME
Título uniforme Bibliothèque Nationale
9 (RLIN) 223576
852 4# - LOCALIZACIÓN
Ubicación ES-MaACL
Número de control de estantería E-13038
Nota libre Biblioteca Jacinto Martínez Lacalle
itemnumber 180330
942 ## - ELEMENTOS DE ENTRADA SECUNDARIOS (KOHA)
Fuente del sistema de clasificación o colocación Clasificación decimal universal
Holdings
Estatus retirado Estado de pérdida Estado de daño No para préstamo Colección Biblioteca de origen Biblioteca actual Ubicación en estantería Fecha de adquisición Fuente de adquisición Total de préstamos Signatura topográfica completa Código de barras Visto por última vez Precio de reemplazo Tipo de ítem Koha
        Libros del s. XIX Biblioteca del Ateneo de Madrid Biblioteca del Ateneo de Madrid Depósito 2 16/12/2009     E-13038 1182208 23/02/2023 23/02/2023 Libro impreso antiguo